| 000 | 00724nam a22001815i 4500 | ||
|---|---|---|---|
| 001 | 166846 | ||
| 003 | ES-MaACL | ||
| 005 | 20240510063136.0 | ||
| 008 | 050920s1900 sp | |||||||| ||spa d | ||
| 040 |
_aCAM _bspa _cCAM |
||
| 100 | 1 |
_aVal, Mariano Miguel de, _d1875-1912 _9112429 |
|
| 245 | 1 | 0 |
_aDiscurso leido en la Asociación Democrática sobre Castelar literato y orador / _cpor Mariano Miguel de Val. |
| 260 |
_aMadrid : _b[s.n.], _c1900 ( _fTipografía Moderna) |
||
| 300 |
_a15 p. ; _c20 cm. |
||
| 600 | 1 | 4 |
_aCastelar, Emilio, _d1832-1899 _936479 |
| 852 |
_aES-MaACL _jT-1012-F-2 _z-- Enc. hol. conservando la cub. original _z-- Donativo del autor _z-- Enc. en un vol. facticio |
||
| 999 |
_c166846 _d166846 |
||